01463nam a2200157 a 4500008004100000020001800041041000800059100002900067245010000096250001100196260003000207300001100237500012400248505091800372655001501290180206e2011 ag ||||g |||| 00| 0 spa d a9789876042444 aspa1 aFedeli, Liliana Graciela aCipolletti. Una comunidad en acción.bConflicto social o pueblada? /cLiliana Graciela Fedeli a1a ed. aNeuquén:bEDUCO;c2011. a150 p. aFedeli, L. G. (2011). Cipolletti. Una comunidad en acción. Conflicto social o pueblada?. (1a ed.). Neuquén : EDUCO. aEl Cipoletazo se inscribe en un ciclo de protesta social producida en la segunda década del '70, representada por un estadio de conflictividad con movilización nacional, con casos como el Rosariazo, Cordobazo y otros posteriores. La conflictividad era producto del modelo de Estado burocrático autoritario impuesto por la "Revolución Argentina", que tenía como objetivos de gobierno: suspender la actividad política, reorganizar la economía y la sociedad, ejerciendo control sobre los intentos de protesta social. El caso de Cipolletti, producido el 12 de Septiembre de 1969, fue particular y diferenciable porque la población se movilizó ante el intento del poder provincial de remover de su cargo al comisionado municipal Julio Dante Salto. La masiva participación lo convirtió en una verdadera pueblada. Los cipoleños querían inscribir su destino sin ingerencias ni condicionamientos. aLiteratura